000
00330nam a2200121Ia 4500
008
190722s9999 xx 000 0 und d
020
_a
978-81-309-3090-9
100
_a
Tarika Sing Sikarwar
245
0
_a
Transforming Business Organisations for longevity
260
_a
New Delhi
_b
Viva Books
_c
2015
300
_a
223
942
_c
BK
999
_c
1053
_d
1053